000 00485ntaaa2200193 4500
003 01
005 20251027201824.0
008 0714s1973 ag 01
040 _aAR-BaBN
_bspa
_cAR-BaBN
_eaacr
_dRIC
082 _a244.0000 F26
100 _aFast, Howard
245 _aJosué el guerrero judío
250 _a1 ed.
260 _as.l. :
_bEdiciones Siglo Veinte,
_c1963
300 _a196 p
500 _aNovela basada en el Antiguo Testamento
650 _anovela
_96781
942 _cBK
999 _c12878
_d12878